| 000 | 00421nam a22001817a 4500 | ||
|---|---|---|---|
| 999 |
_c11771 _d11771 |
||
| 003 | OSt | ||
| 008 | 230128b ||||| |||| 00| 0 eng d | ||
| 020 | _a9789353501532 | ||
| 082 | _a658.872 SWD | ||
| 100 | _aTN,Swaminathan | ||
| 245 | _aDigital Marketing | ||
| 250 | _aIMP 1st | ||
| 260 |
_aNew Delhi _bCangage _c2019 |
||
| 300 | _a270 | ||
| 650 | _aDigital Marketing | ||
| 700 | _aKUMAR,Karthik | ||
| 942 |
_2ddc _cREF |
||